تشریح ال احشاہ / (Record no. 109143)

MARC details
000 -LEADER
fixed length control field 00976nam a22002657a 4500
005 - DATE AND TIME OF LATEST TRANSACTION
control field 20170123162349.0
010 ## - LIBRARY OF CONGRESS CONTROL NUMBER
LC control number B-283989
020 ## - INTERNATIONAL STANDARD BOOK NUMBER
Terms of availability 62.00
International Standard Book Number 8175871431
035 ## - SYSTEM CONTROL NUMBER
System control number B-283989
037 ## - SOURCE OF ACQUISITION
Source of stock number/acquisition Cen Lib/Ret
040 ## - CATALOGING SOURCE
Original cataloging agency DPL
Language of cataloging UR
082 ## - DEWEY DECIMAL CLASSIFICATION NUMBER
Classification number 612
Item number م ح م
100 ## - MAIN ENTRY--PERSONAL NAME
Personal name محمّد کمال الدین حسین ہمدانی
9 (RLIN) 135706
245 ## - TITLE STATEMENT
Title تشریح ال احشاہ /
Statement of responsibility, etc محمّد کمال الدین حسین ہمدانی
246 ## - VARYING FORM OF TITLE
Title proper/short title Tashrih -ul-ahsha /
Remainder of title by Mohammad Kamal-Ud-Din Husain Hamdani
260 ## - PUBLICATION, DISTRIBUTION, ETC. (IMPRINT)
Place of publication, distribution, etc نیی دہلی
Name of publisher, distributor, etc قومی کونسل برائی فروغ اردو زبان
Date of publication, distribution, etc 2006
270 ## - ADDRESS
City نیی دہلی
Postal code 110066
Address ویسٹ بلاک ١، ار.کے. پرم
300 ## - PHYSICAL DESCRIPTION
Extent 257p.
Dimensions 21cm(Hb)
500 ## - GENERAL NOTE
General note کتابیات
650 ## - SUBJECT ADDED ENTRY--TOPICAL TERM
Topical term or geographic name as entry element میڈیکل سائنس
9 (RLIN) 646
650 ## - SUBJECT ADDED ENTRY--TOPICAL TERM
Topical term or geographic name as entry element آنتوں.
9 (RLIN) 135707
650 ## - SUBJECT ADDED ENTRY--TOPICAL TERM
Topical term or geographic name as entry element Medical science
9 (RLIN) 135708
650 ## - SUBJECT ADDED ENTRY--TOPICAL TERM
Topical term or geographic name as entry element Intestines.
9 (RLIN) 135709
942 ## - ADDED ENTRY ELEMENTS (KOHA)
Source of classification or shelving scheme Dewey Decimal Classification
Koha item type Urdu Bks
Classification part 612
Call number suffix م ح م
Holdings
Withdrawn status Lost status Damaged status Not for loan Home library Current library Date acquired Source of acquisition Cost, normal purchase price Total Checkouts Full call number Barcode Date last seen Copy number Cost, replacement price Price effective from Koha item type
        Central Library Central Library 20/02/2016 Cen Lib/Ret 62.00   612 م ح م B-283989 20/02/2016 1 62.00 20/02/2016 Urdu Bks

© Delhi Public Library
Hit Counter
free hit counter